000 00504nam a2200181Ia 4500
008 090123s9999 xx 000 0 und d
082 _b36917
100 _aशिंदे विष्णू
245 _aआधार
250 _a1
260 _bप्रियांजली प्रकाशन
_c2004
300 _a160
600 _aशिंदे विष्णू
630 _aआधार
700 _aशिंदे विष्णू
730 _aआधार
942 _cBOOK
999 _c74984
_d74984